| 000 | 01216nam a22003977a 4500 | ||
|---|---|---|---|
| 001 | 0010513 | ||
| 003 | KOHA_MİRAKIL | ||
| 005 | 20260207001746.0 | ||
| 007 | ta | ||
| 008 | 091111b2003 tu |||gr||||#||||0|tur | | ||
| 020 |
_a9754046883 _c0,01 |
||
| 040 |
_aTR-BiSEU _btur _cTR-BiSEU _erda |
||
| 041 | 0 | _atur | |
| 044 | _ctu | ||
| 050 |
_aSD425 _b.G66 2003 |
||
| 100 | 1 | _aGörcelioğlu, Ertuğrul. | |
| 245 | 1 |
_aSel ve çığ kontrolu/ _cErtuğrul Görcelioğlu ; Ertuğrul Görselioğlu. |
|
| 264 | 1 |
_aİstanbul : _bİstanbul Üniversitesi Orman Fakültesi _c2003 |
|
| 300 | _aXXVII, 384 sayfa: resimli | ||
| 336 |
_ametin _btxt _2rdacontent |
||
| 337 |
_aaracısız _bn _2rdamedia |
||
| 338 |
_acilt _bnc _2rdacarrier |
||
| 490 | 1 |
_aİstanbul Üniversitesi yayın ; _vno. |
|
| 490 | 1 | _a4415. | |
| 490 | 1 |
_aOrman Fakültesi yayın ; _vno. |
|
| 490 | 1 | _a473. | |
| 500 | _aİngilizce özet. | ||
| 500 | _aKaynakça ve dizin var. | ||
| 650 | 0 |
_aSel kontrolü. _925778 |
|
| 650 | 0 |
_aÇığ kontrolü. _925779 |
|
| 830 | 1 |
_aİstanbul Üniversitesi yayın ; _vno. _912392 |
|
| 830 | 1 |
_a4415. _925780 |
|
| 830 | 1 |
_aOrman Fakültesi yayın ; _vno. _925781 |
|
| 830 | 1 |
_a473. _97590 |
|
| 942 |
_2lcc _cBK |
||
| 999 |
_c10485 _d10485 |
||